| 000 | 00801nam a22002177a 4500 | ||
|---|---|---|---|
| 008 | 081230t xxu||||| |||| 00| 0 eng d | ||
| 010 | _aENG-92287 | ||
| 020 | _c85.00 | ||
| 035 | _aEN-75820 | ||
| 037 | _bDBAD / PUB | ||
| 040 |
_adpl _bEnglish |
||
| 082 | _a808.84 | ||
| 100 | _aKutmutia,V.J. | ||
| 245 |
_aHigher model essays, letters, reports, other written comunications and comprehension / _cby V.J. Kutmutia |
||
| 250 | _a25th throughly rev. & enl. ed. | ||
| 260 |
_aMumbai _bC. Jamnadas |
||
| 300 |
_axii, 228p. _c22cm (pnk) |
||
| 650 | _aEnglish essays. | ||
| 942 |
_2ddc _cEN _mKUT _h808.84 |
||
| 999 |
_c20401 _d20401 |
||